Jak sponzoring buduje značku?

Sponzoring prispieva k budovaniu značky rôznymi spôsobmi. Ďalšie kritériá a menej dôležité úlohy, ktoré má sponzoring plniť. Proces a výsledok budovania značky má interný vplyv na zamestnancov a partnerov, tak i externý vplyv na zákazníkov. Ponúkanie zákazníkom zážitky. Demonštrácia nových produkto...

ver descrição completa

Na minha lista:
Detalhes bibliográficos
Autor principal: Tohami, Khaled El
Formato: Capítulo de Livro
Idioma:tcheco
Assuntos:
Tags: Adicionar Tag
Sem tags, seja o primeiro a adicionar uma tag!

MARC

LEADER 00000naa$a2200000$$$4500
001 0046502
005 20231016105241.5
041 0 |a cze 
044 |a CZ 
245 1 0 |a Jak sponzoring buduje značku?  |c Khaled El Tohami 
520 |a Sponzoring prispieva k budovaniu značky rôznymi spôsobmi. Ďalšie kritériá a menej dôležité úlohy, ktoré má sponzoring plniť. Proces a výsledok budovania značky má interný vplyv na zamestnancov a partnerov, tak i externý vplyv na zákazníkov. Ponúkanie zákazníkom zážitky. Demonštrácia nových produktov a technológií. Prezentácia značky. Rozvoj asociácií značky. Pravidlá sponozoringu. Prínos sponzoringu k budovaniu značky. 
610 2 0 |a značky výrobné 
610 2 0 |a sponzorovanie 
610 2 0 |a marketing 
610 2 0 |a nástroje marketingové 
610 2 0 |a kampane reklamné 
610 2 0 |a komunikácia marketingová 
100 1 |a Tohami, Khaled El